01797nam a2200301 a 450000100100000000500170001000800410002704000250006808200160009310000300010924500960013926000370023530000210027250000670029350502740036059000260063465100840066065000550074470000580079973000510085773000500090891000370095895201200099595201290111595201140124495201200135899900170147800002661320250204073952.0110324s1998 dr 000 0 spa d aDO-SdBNPbspacBNPHU a302.1bJ62r1 aJoaquín, Venecia95372210aReflejos de nuestra sociedad /cVenecia Joaquín ; prólogo Mariano Lebrón Saviñón. aSanto Domingo :bCollado,c1998. a205 p. :b21 cm. aIncluye datos biográficos de la autora en la contracubierta.2 t¿Por qué no somos suizos? --tLa escoba en medio del charco --tLa mafia vestida de abogados --t¿Qué pasó, amiga querida? --tLa madre es un pararrayo --tYo fui pitcher de guagua --tLos mocanos lloran la caída de un árbol --tBajo los senos de una mujer. aInventariado, 2018/VM 4aRepública DominicanaxCondiciones SocialesxEnsayos, Conferencias, Etc.91166 4aDiarios dominicanosxSecciones, columnas, etc.9441 aLebrón Saviñon, Marianod1922-2014epról.972270 aListín Diario (República Dominicana)911990 aÚltima hora (República Dominicana)920930 aValidado. Control de calidad EMS 0010718DSaGRbGRcHDd2011-03-24iLF1l0o302.1 J62rp26613-30r2020-06-25te. 3w2020-06-25yLFDSZNo se presta 001054708DSaGRbGRcHDd2011-03-24iLF1l0o302.1 J62rp26613-40r2020-06-25te. 4w2020-06-25yLFDSZPréstamo en sala 0010718PDaPDbPDcHDd2011-03-24iLF1l0o302.1 J62rp26613-10r2020-06-25w2020-06-25yLFPDZNo se presta 0010718PDaPDbPDcHDd2011-03-24iLF1l0o302.1 J62rp26613-20r2020-06-25te. 2w2020-06-25yLFPDZNo se presta c26105d26105